000 00519 a2200169 4500
999 _c9633
_d9633
050 _aKTL19.A35SOU1989
245 _aSouth African Law Reports:
_b1989 (4) December /
_cedited by Fisher David S[et...al]
264 _aCape Town:
_bJuta and CO,LTD,
_c1989
300 _a1079p. :
500 _aincludes table of cases
650 _alaw report
700 _aBadenhorst Brenda
700 _aBarrow Owen
700 _aBrafield Graham
700 _aHanmer Nita
942 _2lcc
_cSERIALS
_hKTL19.A35
_iSOU
_kKTZ